000 01189nam a22002897a 4500
001 4559
003 FISKH
005 20240916155313.0
008 240916b cb ||||| |||| 00| 0 eng d
040 _aFISKH
_bKhmer
_cFISKH
_dFISKH
050 _aPZ7
082 _a800
100 _aReaksmey, Am
_eauthor
245 _aខុមឈឺ /
_cby Am Reaksmey
250 _aបោះពុម្ពលើកទី១ ខែមិថុនា​ឆ្នាំ២០០៨
260 _aភ្នំពេញ :
_b កិច្ចសហប្រតិបត្តិការអភិវឌ្ឍន៍ប៊ែលហ្ស៊ិក ​;
_c២០០៨​ .
300 _a8 pages :
_bcolor illustrations ;
_c25 cm .
505 _aD
520 _aខុម​ឈឺ ; ដូច្នេះហើយ គ្រួសាររបស់គាត់បានថែរក្សាគាត់យ៉ាងល្អ​។​
520 _aKhom was not well; therefore, his family took a good care of him
521 8 _a160
_bLexile estimate
521 8 _aD
_bRaz-Plus
650 _aគ្រូពេទ្យ
650 _adoctor
942 _2ddc
_cKHB
_n0
999 _c4559
_d4559